The Uncheatable Challenge Quiz Stats

 Plays Quiz Updated Aug 28, 2014

Support Sporcle.
Go Orange.
Score 0/49 Timer 03:00
8 Plays Today
% Correct
???
50.9%
???
50.9%
???
50.8%
???
50.8%
???
50.8%
???
50.8%
???
50.8%
???
50.8%
???
50.8%
???
50.8%
???
50.8%
???
50.8%
???
50.8%
???
50.8%
???
50.8%
???
50.8%
???
50.8%
???
50.8%
???
50.8%
???
50.8%
???
50.8%
???
50.8%
???
50.8%
???
50.8%
???
50.8%
% Correct
???
50.8%
???
50.8%
???
50.8%
???
50.8%
???
50.7%
???
50.7%
???
50.7%
???
50.7%
???
50.7%
???
50.7%
???
50.7%
???
50.7%
???
50.7%
???
50.7%
???
50.7%
???
50.7%
???
50.7%
???
50.7%
???
50.7%
???
50.7%
???
50.7%
???
50.7%
???
50.7%
???
50.7%

You're not logged in!

Compare scores with friends on all Sporcle quizzes.
OR
Log In
Forgot?

From the Vault

2017 Oscar Nominees Movie Posters

by mucciniale

Do you think the nominating committee sometimes just pretend they watched the movies? Just like you did for your high school book report.
Remove Ads.
Support Sporcle.
Get the best of Sporcle when you Go Orange. This ad-free experience offers more features, more stats, and more fun while also helping to support Sporcle. Thank you for becoming a member.

Show Comments

Extras

Top Quizzes Today


Score Distribution

Your Account Isn't Verified!

In order to create a playlist on Sporcle, you need to verify the email address you used during registration. Go to your Sporcle Settings to finish the process.

Report this User

Report this user for behavior that violates our Community Guidelines.

Details: